000 00502nam a2200169Ia 4500
008 100917s9999 xx 000 0 und d
082 _b16926
100 _aफाटक गणेश कृष्णशास्त्री
245 _aस्वर्ग सुंदरी
260 _b---
_c1931
365 _b0.75
520 _aनाटक
630 _aस्वर्ग सुंदरी
650 _aनाटक
730 _aस्वर्ग सुंदरी
942 _cBOOK
999 _c622320
_d622317